Bí quyết chọn và nuôi gà đá

Zapisane w:
Opis bibliograficzny
Format: Książka
Język:Undetermined
Wydane: Hà Nội Mỹ thuật 2003
Hasła przedmiotowe:
Etykiety: Dodaj etykietę
Nie ma etykietki, Dołącz pierwszą etykiete!
Thư viện lưu trữ: Trung tâm Học liệu Trường Đại học Cần Thơ
LEADER 00507nam a2200193Ia 4500
001 CTU_65113
008 210402s9999 xx 000 0 und d
020 |b 12000 
082 |a 636.51 
082 |b X502 
245 0 |a Bí quyết chọn và nuôi gà đá 
245 0 |c Xuân Tùng 
260 |a Hà Nội 
260 |b Mỹ thuật 
260 |c 2003 
650 |a poultry,game fowl 
650 |x breeding 
904 |i TUYẾN 
980 |a Trung tâm Học liệu Trường Đại học Cần Thơ